| 000 | 00713nam a2200217 i 4500 | ||
|---|---|---|---|
| 001 | 8753 | ||
| 003 | ES-MaACL | ||
| 005 | 20250223234432.0 | ||
| 007 | t| | ||
| 008 | 920924s1992 sp ||||1| spa d | ||
| 020 | _a84-87101-00-3 | ||
| 080 | _a86-84"18/19" | ||
| 080 | _a86(Gómez de la Serna,R.7 L.01) | ||
| 100 | 1 |
_aGómez de la Serna, Ramón, _d1888-1963 _957901 |
|
| 245 | 1 | 0 |
_aLunario de greguerías / _cRamón Gómez de la Serna ; edición, prólogo y selección de Mario Hernández. |
| 260 |
_aValencia : _bPre-textos, _cD.L. 1992. |
||
| 300 |
_a141 p. : _bil. ; _c19 cm. |
||
| 700 | 1 |
_aHernández, Mario, _d1945- _9151331 |
|
| 852 |
_aES-MaACL _jL-16235 _bR.120830 |
||
| 999 |
_c8753 _d8753 |
||